000
00310nam a22001337a 4500
999
_c
171000
_d
171000
082
_a
_b
100
_a
Hamilton Sue
245
_a
Indian philosophy:
_b
a very short introduction/
_c
by Hamilton Sue.
260
_a
New Delhi:
_b
Oxford,
_c
2001.
300
_a
153p.
600
_a
650
_a
942
_c
BK